Govt. of
Madhya Pradesh

Selections From The Marxian Way And The Humanist Way (Record no. 854)

MARC details
000 -LEADER
fixed length control field 004930000a22001930004500
001 - CONTROL NUMBER
control field 000856
003 - CONTROL NUMBER IDENTIFIER
control field MACL
005 - DATE AND TIME OF LATEST TRANSACTION
control field 20150918114944.0
008 - FIXED-LENGTH DATA ELEMENTS--GENERAL INFORMATION
fixed length control field 150918b xxu||||| |||| 00| 0 eng d
040 ## - CATALOGING SOURCE
Original cataloging agency MACL
Transcribing agency MACL
041 ## - LANGUAGE CODE
Language code of text/sound track or separate title English
082 ## - DEWEY DECIMAL CLASSIFICATION NUMBER
Classification number 824/ROY
100 ## - MAIN ENTRY--PERSONAL NAME
Personal name Roy, M.N.
9 (RLIN) 1744
245 ## - TITLE STATEMENT
Title Selections From The Marxian Way And The Humanist Way
Statement of responsibility, etc. M.N. Roy
260 ## - PUBLICATION, DISTRIBUTION, ETC. (IMPRINT)
Place of publication, distribution, etc. New Delhi
Date of publication, distribution, etc. 1999
Name of publisher, distributor, etc. Ajanta Publishers,
350 ## - PRICE (NR) (BK AM CF MU VM SE) [OBSOLETE]
Price 395
650 ## - SUBJECT ADDED ENTRY--TOPICAL TERM
Topical term or geographic name as entry element English Essay
9 (RLIN) 8946
942 ## - ADDED ENTRY ELEMENTS (KOHA)
Call number prefix 824
Koha item type Books
Source of classification or shelving scheme
Holdings
Withdrawn status Lost status Source of classification or shelving scheme Damaged status Not for loan Home library Current library Date acquired Cost, normal purchase price Total Checkouts Full call number Barcode Date last seen Uniform Resource Identifier Price effective from Koha item type
          MACL MACL 15/04/2015 395.00   824/ROY CRE012753 02/05/2024 855 15/04/2015 Books